000 00310nam a22001337a 4500
008 180814b xxu||||| |||| 00| 0 eng d
020 _a9781559532006
041 _aeng
080 _a51
100 _a36
101 _aMAT
245 _aDISCOVERING GEOMETRY AN INDUCTIVE APPROACH
_cSERRA.M
942 _2udc
_cBK
999 _c47123
_d47123